Artists by Parts of Paintings - Statistics

General Stats
  • This quiz has been taken 91 times
  • The average score is 10 of 14
Answer Stats
Picture Answer % Correct
Vincent Van Gogh
99%
Michelangelo
96%
Leonardo Da Vinci
93%
Pablo Picasso
90%
Salvador Dali
89%
Claude Monet
88%
Andy Warhol
80%
Sandro Botticelli
80%
Edvard Munch
73%
Rembrandt van Rijn
70%
J.M.W. Turner
52%
Georges Seurat
47%
Thomas Gainsborough
13%
Bridget Riley
8%
No matching quizzes found
Score Distribution
Percent of People with Each Score
Percentile by Number Answered
Your Score History
You have not taken this quiz